Alessia Cara - Wild Things - Statistics

General Stats
  • This quiz has been taken 5 times
  • The average score is 321 of 394
Answer Stats
Answer % Correct
a
100%
and
100%
And
100%
are
100%
aren't
100%
Find
100%
find
100%
I
100%
like
100%
me
100%
no
100%
No
100%
the
100%
The
100%
Then
100%
things
100%
We
100%
we
100%
we're
100%
We're
100%
where
100%
wild
100%
808s
75%
all
75%
alone
75%
aloud
75%
alright
75%
apologies
75%
around
75%
balance
75%
be
75%
being...
75%
bias
75%
Bow
75%
breaks
75%
brought
75%
But
75%
buyers
75%
by
75%
can't
75%
care
75%
carve
75%
cause
75%
chairs
75%
cool
75%
cooler
75%
dance
75%
being...
75%
tread
75%
you
75%
don't
75%
Don't
75%
drum
75%
eggshells
75%
'em
75%
empty
75%
fine
75%
for
75%
gather
75%
graces
75%
hang
75%
have
75%
head
75%
here
75%
hey
75%
how
75%
I'd
75%
if
75%
in
75%
instead
75%
into
75%
is
75%
just
75%
kids
75%
leave
75%
Let
75%
let
75%
lose
75%
make
75%
mind
75%
mistakin'
75%
my
75%
need
75%
not
75%
now
75%
Oh
75%
on
75%
one
75%
our
75%
Our
75%
ourselves
75%
own
75%
pioneers
75%
pious
75%
place
75%
policies
75%
rather
75%
rebel
75%
rebels
75%
room
75%
rouse
75%
rules
75%
Say
75%
say
75%
sell
75%
sellin'
75%
sing
75%
sit
75%
So
75%
social
75%
space
75%
spaces
75%
table
75%
tell
75%
than
75%
There
75%
there
75%
these
75%
they
75%
they're
75%
They're
75%
this
75%
those
75%
time
75%
To
75%
to
75%
us
75%
way
75%
We'll
75%
we'll
75%
what
75%
who
75%
will
75%
yeah
75%
you
75%
You
75%
your
75%
aye
50%
crowd
50%
face
50%
hide
50%
it
50%
or
50%
shine
50%
wanna
50%
great
0%
No matching quizzes found
Score Distribution
Percent of People with Each Score
Percentile by Number Answered
Your Score History
You have not taken this quiz